000 00690nam a2200241Ia 4500
003 OSt
005 20220918231101.0
006 a|||||r|||| 00| 0
007 ta
008 220917b |||||||| |||| 00| 0 eng d
024 _a262,995
037 _cTextual
040 _aARTS
_cARTS
_beng
041 _2eng
_aeng
082 _aY:1.44974, M2.1-.2
100 _aSlusser Mary Shepherd
_9153774
245 0 _aNepal Mandala
_b a culture study of the Kathmandu Valley
260 _aPrinceton
_bPrinceton University Press
_c1982
490 _vV1
650 _aSOCIOLOGY
942 _hY:1.44974, M2.1-.2
_cTEXL
_2CC
999 _c289807
_d289807